000 00360nam a2200133Ia 4500
005 20260328101447.0
008 260328s9999||||xx |||||||||||||| ||und||
100 _aHiguita Montenegro, Alejandra
245 0 _aLa Casa de los otros /
_cAlejandra Higuita Montenegro
260 _bAlcaldía de Medellín
300 _a182 p.
650 _aARQUITECTURA
942 _cBK
999 _c8508
_d8508